El horrible sueño de harriet y otros cuentos de terror /

Guardado en:
Autor Principal: Horowitz, Anthony
Otros Autores: Peláez, Ricardo, il., Vinós, María, trad.
Formato: Libro
Publicado: Buenos Aires : Fondo de Cultura Económica, 2013
Materias:
Etiquetas: Agregar Etiqueta
Sin Etiquetas, Sea el primero en etiquetar este registro!
LEADER 01201nam a22002895a 4500
001 CEM.cems014312
008 130507s2013##################000#0#####d
005 20230626111451.0
245 1 0 |a El horrible sueño de harriet y otros cuentos de terror /  |c Antohony Horowitz ; ilustraciones de Ricardo Peláez ; traducción de María Vinós 
260 |a Buenos Aires :  |b Fondo de Cultura Económica,  |c 2013 
300 |a 159 p. 
505 0 |a La cámara asesina -- Relámpago -- Una carrera en juegos de computadora -- El hombre de la cara amarilla -- La ruta nocturna -- El horrible sueño de Harriet -- Espanto -- Hora de bañarse 
020 |a 9789505579419 
100 1 |a Horowitz, Anthony 
700 1 |a Peláez, Ricardo, il. 
700 1 |a Vinós, María, trad. 
082 0 4 |a 828.9 
653 |a Literatura 
653 |a Literatura británica 
653 |a Literatura inglesa 
653 |a Cuentos 
653 |a Cuentos ingleses 
653 |a Cuentos de terror 
653 |a Literatura de terror 
653 |a Ministerio de educación-colección literaria 
859 |a CEMS  |b BIB. CEMS - Inicial y Primaria  |h 828.9  |i H785-1  |k IP  |p 4440  |t Ej.1 
859 |a CEMS  |b BIB. CEMS - 11 de abril  |h 828.9  |i H785  |p 26908.14  |t Ej.1